Q1 Vocabulario de Espanol - Statistics

General Stats
  • This quiz has been taken 136 times
    134 since last reset
  • The average score is 23 of 57
Answer Stats
Hint Answer % Correct
Easy Facil
97%
Song Cancion
93%
(to) Think Pensar
86%
Rythm Ritmo
83%
This Esto
82%
That Eso
81%
(to) Continue Continuar
80%
(to) Lie Mentir
80%
(to) Start Empezar
78%
Someone Alguien
77%
(to) Change Cambiar
67%
That Que
67%
Heart Corazon
66%
(to) Die Morir
66%
(to) Come Venir
64%
Something Algo
61%
(to) Win Ganar
61%
About Sobre
58%
(to) Drive Conducir
56%
(to) Laugh Reir
52%
(to) Stay Quedar
51%
(to) Loose Perder
49%
Slave Esclavo
47%
(to) Cry Llorar
44%
(to) Can (Be able to) Poder
44%
Pure Puro
43%
Lyrics Letras
41%
That (Over there) Aquello
39%
(to) Keep Guardar
35%
(to) Put Away (Guard) Guardar
35%
(to) Ask Pedir
34%
Test Prueba
32%
Stone Piedra
31%
(to) Animate/Excite Animar
30%
Delicious (Alternative) Rico
30%
(to) Hike Andar
28%
(to) Hit Pegar
27%
Leaves Hoja
25%
(to) Tire Cansar
24%
(to) Chat Charlar
24%
(to) Fight Luchar
23%
Dear Querido
23%
(to) Think Creer
22%
(to) Give Back Devolver
20%
(In the) Beginning Principio
19%
Bullets Balas
17%
Pidgeon Paloma
17%
(to) Approach Acercar
9%
(to) Tie (A game) Empatar
9%
Workshop Taller
8%
(to) Leave Marchar
5%
(to) Stink Holer
3%
Ring Nillo
1%
(to) Walk/Go Away Alejar
0%
(to) Hurt Dular
0%
(to) Strain Estremecer
0%
(to) While Mientrar
0%
No matching quizzes found
Score Distribution
Percent of People with Each Score
Percentile by Number Answered
Your Score History
You have not taken this quiz since the last reset